|
|
|
|
| LEADER |
01028nam a2200229 a 4500 |
| 001 |
GR-MES369 |
| 008 |
991111s1993 gr 000 b eng d |
| 020 |
|
|
|a 0894647685
|
| 040 |
|
|
|a GrPaTEI
|b gre
|c GR-PaULI
|
| 245 |
0 |
0 |
|a Aquacultural engineering.
|
| 260 |
|
|
|a Florida :
|b Krieger,
|c 1993
|
| 300 |
|
|
|a xxi, 708σελ. :
|b εικ.
|
| 500 |
|
|
|a Περιλαμβάνει βιβλιογραφικές αναφορές
|
| 650 |
|
4 |
|a Μηχανική
|
| 650 |
|
4 |
|a Υδατοκαλλιέργειες
|
| 700 |
1 |
|
|a Wheaton, Fredrich W.
|
| 710 |
0 |
|
|a Krieger
|
| 942 |
|
|
|2 ddc
|
| 952 |
|
|
|0 0
|1 0
|2 ddc
|4 0
|6 639_800000000000000_WHE
|7 0
|9 263591
|a MSLG
|b MSLG
|c BSC
|d 2021-01-17
|e 24
|f 0
|g 0.00
|l 0
|o 639.8 WHE
|p 2420000003964
|r 2021-01-17 00:00:00
|t 1
|w 2021-01-17
|y BK15
|x 19991111 0 1
|x GrPaTEI
|
| 952 |
|
|
|0 0
|1 0
|2 ddc
|4 0
|6 639_800000000000000_WHE
|7 0
|9 263592
|a MSLG
|b MSLG
|c BSC
|d 2021-01-17
|e 24
|f 0
|g 0.00
|l 0
|o 639.8 WHE
|p 2420000009239
|r 2021-01-17 00:00:00
|t 1
|w 2021-01-17
|y BK15
|x 19991111 0 1
|x GrPaTEI
|
| 971 |
|
|
|a .b25714107
|b 15-04-20
|c 13-09-16
|
| 999 |
|
|
|c 151751
|d 151751
|